000 01985nam0a2200301 4500
001 RU\NLR\bibl\1015775
005 20260406110842.0
010 _a5-89982-145-0
_9150
021 _aRU
_b2006-68535
_93444
035 _a(NLR Aleph) 001003351
090 _a592628
_c592628
100 _a20061201d2006 |||y0rusy50 ca
101 0 _arus
102 _aRU
105 _ay |||||||||
200 1 _aКаталог публикаций сотрудников государственного образовательного учреждения дополнительного профессионального образования "Институт повышения квалификации работников образования", (2000-2005)
_fГос. образоват. учреждение доп. проф. образования "Ин-т развития образования Омской обл."
210 _aОмск
_cИзд-во ГОУДПО "ИРООО"
_d2006
215 _a79 с.
_d21
300 _aЗагл. обл.: ... учреждения Омской области дополнительного ...
512 0 _aКаталог публикаций сотрудников государственного образовательного учреждения Омской области дополнительного профессионального образования "Институт повышения квалификации работников образования" (2000-2005)
606 1 _aОбразование
_jБиблиография
_yОмская область
_92473981
_3RU\NLR\auth\661469107
686 _aЧ34(2Р-4Ом)я1
710 0 2 _aОмский областной институт повышения квалификации работников образования
_9284028
_3RU\NLR\AUTH\886137
801 0 _aRU
_bNLR
_c20061201
_grcr
801 1 _aRU
_bNLR
_c20061201
942 _cBOOK
980 _aNB